00710nam a2200193 a 4500008004100000020002200041110004000063245018100103260003700284300004300321500002000364504004100384650003000425700001600455700001800471003000100489005001700490040000900507  a0080343155 (pbk.)2 aInternational Solar Energy Society.10aAdvances in solar energy technology :proceedings of the Biennial Congress of the International Solar Energy Society, Hamburg, Federal Republic of Germany, 13-18 September 1987  aOxford :bPergamon Press,c1988. a4 v. xxviii, 3998 p. :bill. ;c24 cm. aIncludes index. aIncludes bibliographical references. 0aSolar energyvCongresses.1 aBloss, W.H.1 aPfisterer, F.20230123134346.0 cNUST